Statistiken für Flaggen von Europa

Klicken Sie hier um das Quiz zu spielen!

Allgemein

  • Dieses Quiz wurde 135 mal gespielt
  • Das Durchschnittsergebnis liegt bei 16 aus 16

Antwortstatistiken

Antwort% Korrekt
Frankreich
100%
Dänemark
99%
Italy
99%
Polen
99%
Ukraine
99%
Albanien
98%
Norwegen
98%
Rumanien
98%
Vereinigtes Königreich
98%
Nord Mazedonien
97%
Luxembourg
96%
Zypern
96%
Malta
95%
Ungarn
94%
Vatikan Stadt
94%
Monaco
93%

Verteilung der Resultate

Perzentil nach korrekt beantworteten Fragen

Anzahl Personen mit jedem Resultat

Ihre Resultats-Entwicklung

Sie haben dieses Quiz noch nicht gespielt